ミスタードーナツの店舗名 - Statistics

General Stats
  • This quiz has been taken 38 times
  • The average score is 64 of 1060
Answer Stats
area Answer % Correct
兵庫県 イオンモール伊丹
44%
大阪府 ららぽーとEXPOCITY
31%
北海道 イオンモール旭川駅前
25%
東京都 亀戸
25%
大阪府 イオンモール大日
25%
大阪府 ニトリモール枚方
25%
大阪府 イオンモール茨木
25%
大阪府 ららぽーと和泉
25%
大阪府 箕面
25%
奈良県 イオンモール橿原
25%
千葉県 ららぽーとTOKYO-BAY
25%
北海道 アリオ札幌
19%
北海道 イオンモール苫小牧
19%
岩手県 イオン盛岡
19%
宮城県 イオンモール名取
19%
山形県 イオンモール天童
19%
福島県 イオンモールいわき小名浜
19%
茨城県 イオンモール土浦
19%
栃木県 イオンモール小山
19%
群馬県 高崎駅ビル
19%
群馬県 イオンモール太田
19%
埼玉県 イオンモール与野
19%
埼玉県 イオンモール羽生
19%
埼玉県 イオンレイクタウン
19%
埼玉県 ららぽーと富士見
19%
埼玉県 ららぽーと新三郷
19%
千葉県 イオンモール幕張新都心
19%
千葉県 イオンモール銚子
19%
東京都 銀座ナイン
19%
東京都 晴海トリトン
19%
東京都 アトレ信濃町
19%
東京都 新宿靖国通り
19%
東京都 錦糸町マルイ
19%
東京都 門前仲町
19%
東京都 戸越
19%
東京都 武蔵小山駅前
19%
東京都 大森山王
19%
東京都 下北沢
19%
東京都 二子玉川ライズオークモール
19%
東京都 池袋メトロポリタン口
19%
東京都 池袋サンシャイン通り
19%
東京都 池袋西口
19%
東京都 赤羽
19%
東京都 町屋
19%
東京都 大山
19%
東京都 東武練馬
19%
東京都 練馬高野台駅前
19%
東京都 富士見台駅前
19%
東京都 アリオ西新井
19%
東京都 北千住
19%
東京都 亀有駅前
19%
東京都 葛西駅前
19%
東京都 シャポー小岩
19%
東京都 船堀駅前
19%
東京都 吉祥寺サンロード
19%
東京都 調布パルコ
19%
東京都 イオンモール多摩平の森
19%
東京都 国分寺マルイ
19%
東京都 羽村
19%
東京都 イオンモール日の出
19%
神奈川県 横浜みなとみらい
19%
神奈川県 青葉台
19%
神奈川県 川崎駅前
19%
神奈川県 京王稲田堤駅前
19%
神奈川県 ららぽーと湘南平塚
19%
神奈川県 大船駅前
19%
富山県 イオンモール高岡
19%
石川県 アピタ松任
19%
山梨県 イオンモール甲府昭和
19%
岐阜県 イオンモール各務原
19%
静岡県 イオンモール浜松志都呂
19%
愛知県 金山
19%
愛知県 ららぽーと名古屋みなとアクルス
19%
三重県 イオンモール津南
19%
大阪府 イオンモール鶴見緑地
19%
大阪府 イオンモール堺鉄砲町
19%
大阪府 イオンモール堺北花田
19%
大阪府 ららぽーと堺
19%
大阪府 阪急池田
19%
大阪府 エル枚方
19%
大阪府 枚方
19%
大阪府 イオンモールりんくう泉南
19%
大阪府 イオンモール四条畷
19%
兵庫県 イオンモール神戸南
19%
兵庫県 イオンモール神戸北
19%
兵庫県 イオンモール伊丹昆陽
19%
奈良県 高田
19%
和歌山県 イオンモール和歌山
19%
広島県 イオンモール広島府中
19%
福岡県 イオンモール福岡伊都
19%
福岡県 イオンモール福岡
19%
佐賀県 イオンモール佐賀大和
19%
佐賀県 ゆめタウン武雄
19%
長崎県 イオン東長崎
19%
長崎県 長崎中央橋
19%
長崎県 有家
19%
熊本県 イオン八代
19%
熊本県 天草本渡
19%
熊本県 イオンモール熊本
19%
宮崎県 イオンモール宮崎
19%
宮崎県 ベアーズモール清武
19%
鹿児島県 イオンモール鹿児島
19%
鹿児島県 奄美大島
19%
沖縄県 壺川
19%
沖縄県 サンエーコンベンションシティ
19%
東京都 LaLaテラス南千住
19%
東京都 小田急OX経堂
19%
北海道 大通駅
13%
北海道 すすきの
13%
北海道 岩見沢イオン
13%
北海道 稚内
13%
北海道 イオン石狩緑苑台
13%
青森県 ガーラタウン青森
13%
青森県 青森下田
13%
岩手県 イオンモール盛岡南
13%
岩手県 盛岡肴町
13%
岩手県 イオンタウン釜石
13%
岩手県 ニトリ水沢
13%
宮城県 イオンモール仙台上杉
13%
宮城県 イオンモール新利府北館
13%
宮城県 イオンモール新利府南館
13%
秋田県 秋田広面
13%
秋田県 御所野
13%
秋田県 大館
13%
山形県 山形駅前
13%
山形県 イオン酒田南
13%
福島県 福島駅前
13%
福島県 郡山駅前
13%
茨城県 イオンモール水戸内原
13%
茨城県 イオン古河
13%
茨城県 イーアスつくば
13%
栃木県 宇都宮福田屋
13%
群馬県 イオンモール高崎
13%
群馬県 高崎東
13%
群馬県 ニコモール新田
13%
埼玉県 ステラタウン大宮宮原
13%
埼玉県 大宮マルイ
13%
埼玉県 浦和西口
13%
埼玉県 浦和東口
13%
埼玉県 武蔵浦和駅前
13%
埼玉県 川越アトレマルヒロ
13%
埼玉県 本川越ペペ
13%
埼玉県 ウニクス南古谷
13%
埼玉県 アズ熊谷
13%
埼玉県 アリオ川口
13%
埼玉県 イオンモール川口
13%
埼玉県 イオンモール川口前川
13%
埼玉県 東川口
13%
埼玉県 ララガーデン川口
13%
埼玉県 ウニクス秩父
13%
埼玉県 飯能ペペ
13%
埼玉県 ピオニウォーク東松山
13%
埼玉県 イオンモール春日部
13%
埼玉県 ララガーデン春日部
13%
埼玉県 エルミこうのす
13%
埼玉県 フジモール吹上
13%
埼玉県 アリオ深谷
13%
埼玉県 上尾モンシェリー
13%
埼玉県 アリオ上尾
13%
埼玉県 島忠ホームズ草加舎人
13%
埼玉県 南越谷駅前
13%
埼玉県 イオンモール北戸田
13%
埼玉県 イオン入間
13%
埼玉県 北朝霞駅前
13%
埼玉県 ベニバナウォーク桶川
13%
埼玉県 モラージュ菖蒲
13%
埼玉県 イトーヨーカドー三郷
13%
埼玉県 イオンタウン上里
13%
千葉県 アリオ蘇我
13%
千葉県 モノレール千葉駅
13%
千葉県 イトーヨーカドー幕張
13%
千葉県 本八幡
13%
千葉県 イオンモール船橋
13%
千葉県 イトーヨーカドー船橋
13%
千葉県 イオンモール木更津
13%
千葉県 イオンモール津田沼
13%
千葉県 アリオ市原
13%
千葉県 カインズ市原
13%
千葉県 勝田台
13%
東京都 高田馬場戸山口
13%
東京都 浅草
13%
東京都 イトーヨーカドー木場
13%
東京都 ダイバーシティ東京プラザ
13%
東京都 東大島駅前
13%
東京都 イトーヨーカドー大井町
13%
東京都 池上駅前
13%
東京都 蒲田東口
13%
東京都 喜多見駅前
13%
東京都 桜新町駅前
13%
東京都 三軒茶屋
13%
東京都 成城
13%
東京都 中野
13%
東京都 東中野
13%
東京都 王子メトロピア
13%
東京都 セブンタウン小豆沢
13%
東京都 成増
13%
東京都 西台駅前
13%
東京都 ららテラス北綾瀬
13%
東京都 アリオ葛西
13%
東京都 西葛西駅前
13%
東京都 京王八王子駅前
13%
東京都 立川北口
13%
東京都 仙川
13%
東京都 町田東急ツインズ
13%
東京都 南町田グランベリーパーク
13%
東京都 イオンモール東久留米
13%
東京都 グリナード永山
13%
東京都 聖蹟桜ケ丘
13%
東京都 ジョイフル本田瑞穂
13%
神奈川県 東神奈川駅前
13%
神奈川県 横浜ポルタ
13%
神奈川県 根岸
13%
神奈川県 金沢文庫
13%
神奈川県 日吉駅前
13%
神奈川県 戸塚西口
13%
神奈川県 港南台バーズ
13%
神奈川県 中山
13%
神奈川県 イトーヨーカドーららぽーと横浜
13%
神奈川県 京急川崎
13%
神奈川県 宮崎台
13%
神奈川県 アリオ橋本
13%
神奈川県 イオン横須賀久里浜
13%
神奈川県 コースカベイサイド
13%
神奈川県 横須賀
13%
神奈川県 藤沢駅前
13%
神奈川県 小田原
13%
神奈川県 イオンモール大和
13%
神奈川県 ららぽーと海老名
13%
新潟県 とやの
13%
新潟県 イオンモール新潟亀田インター
13%
新潟県 佐渡佐和田
13%
富山県 富山北
13%
石川県 石川県庁前
13%
石川県 金沢武蔵
13%
石川県 七尾
13%
石川県 イオンモール新小松
13%
石川県 野々市
13%
石川県 アルプラザ津幡
13%
福井県 福井二の宮
13%
山梨県 ラザウォーク甲斐双葉
13%
山梨県 イトーヨーカドー甲府昭和
13%
長野県 長野稲里
13%
長野県 上田
13%
長野県 須坂インター
13%
長野県 伊那
13%
長野県 茅野
13%
岐阜県 カラフルタウン岐阜
13%
岐阜県 イオンモール大垣
13%
岐阜県 イオンモール土岐
13%
静岡県 イオンモール浜松市野
13%
静岡県 マックスバリュ浜松新橋
13%
静岡県 三島広小路
13%
静岡県 伊東
13%
愛知県 本山
13%
愛知県 一宮大和
13%
愛知県 イオンモール長久手
13%
三重県 イオンモール四日市北
13%
三重県 イオンモール桑名
13%
滋賀県 アルプラザ草津
13%
滋賀県 イオンモール草津
13%
京都府 近鉄京都
13%
京都府 らぽーる東舞鶴
13%
京都府 イオンモール久御山
13%
大阪府 福島
13%
大阪府 福島大開
13%
大阪府 天王寺ミオ
13%
大阪府 アルデ新大阪
13%
大阪府 玉出
13%
大阪府 梅田東
13%
大阪府 堺三国ヶ丘
13%
大阪府 アリオ鳳
13%
大阪府 江坂東急
13%
大阪府 江坂芳野町
13%
大阪府 くずはモール
13%
大阪府 アリオ八尾
13%
大阪府 アドバンス寝屋川
13%
大阪府 小野原
13%
大阪府 みのおキューズモール
13%
大阪府 ららぽーと門真
13%
兵庫県 神戸ステーション
13%
兵庫県 あまがさきキューズモール
13%
奈良県 西大寺
13%
和歌山県 和歌山駅前
13%
和歌山県 ロマンシティ御坊
13%
島根県 イオン松江
13%
岡山県 岡山駅前
13%
岡山県 アリオ倉敷
13%
広島県 広島サンモール
13%
広島県 ゆめタウン東広島
13%
山口県 ゆめタウン柳井
13%
徳島県 イオンモール徳島
13%
徳島県 ゆめタウン徳島
13%
香川県 イオンモール高松
13%
香川県 ゆめタウン高松
13%
愛媛県 イオンスタイル松山
13%
愛媛県 フジグラン松山
13%
高知県 イオンモール高知
13%
高知県 高知帯屋町
13%
高知県 フジグラン高知
13%
高知県 フジグラン野市
13%
福岡県 ゆめタウン博多
13%
福岡県 博多ステーション
13%
福岡県 ららぽーと福岡
13%
福岡県 大濠
13%
福岡県 イオンモール大牟田
13%
福岡県 ゆめタウン大牟田
13%
福岡県 イオンモール筑紫野
13%
福岡県 ゆめマートうきは
13%
長崎県 佐世保京町
13%
熊本県 ゆめタウンサンピアン
13%
熊本県 ゆめタウンシティモール
13%
熊本県 イオンモール宇城
13%
大分県 大分ステーション
13%
大分県 大分高城
13%
宮崎県 宮交シティ
13%
宮崎県 宮崎一番街
13%
鹿児島県 鹿児島中央駅前
13%
鹿児島県 南栄
13%
沖縄県 サンエーパルコシティ
13%
沖縄県 サンエー宮古島シティ
13%
新潟県 CoCoLo新潟
13%
新潟県 CoCoLo長岡
13%
大阪府 ekimo梅田
13%
千葉県 船橋FACE
13%
東京都 光が丘IMA
13%
北海道 JR札幌
13%
東京都 JR上野駅中央改札内
13%
東京都 JR八王子南口
13%
長崎県 JR長崎
13%
熊本県 JR熊本
13%
宮崎県 JR宮崎
13%
愛知県 KiTARA豊田駅前
13%
埼玉県 MEGAドン・キホーテUNY本庄
13%
北海道 イオン札幌桑園
6%
北海道 イオンモール札幌苗穂
6%
北海道 函館赤松街道
6%
北海道 函館五稜郭
6%
北海道 東室蘭
6%
北海道 網走
6%
北海道 名寄西條
6%
北海道 千歳
6%
青森県 弘前ステーション
6%
青森県 八戸ピアドゥ
6%
青森県 五所川原エルム
6%
青森県 イオンつがる柏
6%
岩手県 花巻
6%
岩手県 二戸
6%
宮城県 エスパル仙台
6%
宮城県 イオンモール富谷
6%
宮城県 大河原バイパス
6%
秋田県 大曲
6%
山形県 イオン山形北
6%
山形県 イオン米沢
6%
山形県 イオンモール三川
6%
福島県 白河
6%
茨城県 水戸エクセル
6%
茨城県 イオンモールつくば
6%
茨城県 那珂町
6%
茨城県 西代
6%
茨城県 境フィズ
6%
栃木県 ベルモール宇都宮
6%
栃木県 アシコタウンあしかが
6%
栃木県 イオンモール佐野新都市
6%
群馬県 高崎小鳥町
6%
群馬県 ジョイフル本田千代田
6%
埼玉県 南浦和駅前
6%
埼玉県 イオンモール浦和美園
6%
埼玉県 北越谷
6%
埼玉県 入間市駅前
6%
埼玉県 和光市駅前
6%
埼玉県 デオシティ新座
6%
埼玉県 アリオ鷲宮
6%
千葉県 ワンズモール
6%
千葉県 松戸東口
6%
千葉県 セブンパークアリオ柏
6%
千葉県 フルルガーデン八千代
6%
千葉県 天王台駅前
6%
東京都 千駄木
6%
東京都 押上業平
6%
東京都 アリオ北砂
6%
東京都 高井戸
6%
東京都 南阿佐谷
6%
東京都 江古田
6%
東京都 石神井公園駅前
6%
東京都 エキア竹ノ塚
6%
東京都 イトーヨーカドー狭間
6%
東京都 ぐりーんうぉーく多摩
6%
東京都 南大沢駅前
6%
東京都 ららぽーと立川立飛
6%
東京都 府中
6%
東京都 昭島モリタウン
6%
東京都 鶴川駅前
6%
東京都 花小金井駅南口
6%
東京都 西友福生
6%
東京都 東大和市駅前
6%
東京都 清瀬駅前
6%
東京都 イオンモールむさし村山
6%
東京都 多摩センター
6%
東京都 ひばりケ丘
6%
神奈川県 横浜大口
6%
神奈川県 トレッサ横浜
6%
神奈川県 ブルーライン新横浜駅
6%
神奈川県 二俣川
6%
神奈川県 イトーヨーカドー立場
6%
神奈川県 センター南
6%
神奈川県 イトーヨーカドー武蔵小杉
6%
神奈川県 橋本駅前
6%
神奈川県 上溝
6%
神奈川県 横須賀モアーズシティ
6%
神奈川県 湘南台駅前
6%
神奈川県 茅ケ崎北口
6%
神奈川県 イオンモール座間
6%
新潟県 新潟万代シテイ
6%
新潟県 アピタ新潟西
6%
新潟県 イオンモール新発田
6%
新潟県 イオン上越
6%
富山県 富山南
6%
富山県 志貴野
6%
富山県 メガドンキ魚津
6%
富山県 イオンモールとなみ
6%
石川県 アルプラザ小松
6%
石川県 イオンモールかほく
6%
石川県 イオンモール白山
6%
福井県 敦賀
6%
福井県 武生
6%
山梨県 河口湖ベル
6%
長野県 イオンモール松本
6%
長野県 上田しおだ野
6%
長野県 飯田
6%
長野県 安曇野
6%
岐阜県 大垣
6%
岐阜県 ルビットタウン高山
6%
岐阜県 モレラ岐阜
6%
静岡県 イオンモール富士宮
6%
静岡県 掛川
6%
静岡県 御殿場
6%
愛知県 アピタ千代田橋
6%
愛知県 イオンモールナゴヤドーム前
6%
愛知県 黒川
6%
愛知県 名古屋駅桜通口
6%
愛知県 イオン守山
6%
愛知県 藤が丘
6%
愛知県 イオンスタイル岡崎
6%
愛知県 イオンモール木曽川
6%
愛知県 テラスウォーク一宮
6%
愛知県 アピタ高蔵寺
6%
愛知県 ららぽーと安城
6%
愛知県 イオンモール常滑
6%
愛知県 アピタ江南西
6%
愛知県 リーフウォーク稲沢
6%
愛知県 エアポートウォーク
6%
三重県 イオンモール東員
6%
三重県 イオンモール明和
6%
滋賀県 イオン近江八幡
6%
京都府 イオンモール北大路
6%
京都府 イオンモール京都桂川
6%
大阪府 京橋コムズガーデン
6%
大阪府 イオンモール大阪ドームシティ
6%
大阪府 ライフなんば
6%
大阪府 イトーヨーカドーあべの
6%
大阪府 今福鶴見
6%
大阪府 大阪ビジネスパーク
6%
大阪府 天満橋 京阪シティモール
6%
大阪府 堺東駅前
6%
大阪府 泉北パンジョ
6%
大阪府 豊中駅前
6%
大阪府 イオン高槻
6%
大阪府 京阪枚方市駅
6%
大阪府 イオンタウン茨木太田
6%
大阪府 茨木南
6%
大阪府 イズミヤ八尾
6%
大阪府 オペラパーク住道
6%
大阪府 高石駅前
6%
大阪府 フレンドタウン交野
6%
兵庫県 新長田
6%
兵庫県 山陽板宿
6%
兵庫県 名谷
6%
兵庫県 妙法寺
6%
兵庫県 垂水
6%
兵庫県 神戸北町
6%
兵庫県 三宮本通り
6%
兵庫県 伊川谷
6%
兵庫県 神戸学園都市
6%
兵庫県 山陽姫路
6%
兵庫県 テラッソ姫路
6%
兵庫県 イオン明石
6%
兵庫県 イトーヨーカドー明石
6%
兵庫県 西明石
6%
兵庫県 イトーヨーカドー甲子園
6%
兵庫県 甲子園
6%
兵庫県 阪急伊丹駅
6%
兵庫県 加古川駅前
6%
兵庫県 加古川別府
6%
兵庫県 川西能勢口
6%
兵庫県 イオンモール加西北条
6%
兵庫県 猪名川
6%
奈良県 学園前
6%
奈良県 イオンモール大和郡山
6%
和歌山県 和歌山国体道路
6%
鳥取県 イオン鳥取
6%
鳥取県 イオン米子駅前
6%
鳥取県 米子旗ヶ崎
6%
岡山県 ゆめタウン平島
6%
岡山県 イオンモール倉敷
6%
広島県 フジグラン広島
6%
広島県 ゆめタウン広島
6%
広島県 ゆめタウン呉
6%
山口県 ゆめシティ
6%
山口県 ゆめタウン山口
6%
愛媛県 いよてつ高島屋
6%
福岡県 西鉄久留米
6%
福岡県 イオンモール直方
6%
福岡県 ゆめタウン飯塚
6%
福岡県 ゆめタウン筑紫野
6%
福岡県 イオンモール福津
6%
福岡県 ゆめタウン遠賀
6%
佐賀県 ゆめタウン佐賀
6%
佐賀県 イオン唐津
6%
長崎県 チトセピア
6%
長崎県 みらい長崎
6%
長崎県 ゆめタウン夢彩都
6%
長崎県 イオン大塔
6%
長崎県 させぼ五番街
6%
長崎県 イオン大村
6%
長崎県 イオン時津
6%
熊本県 熊本下通り
6%
熊本県 ゆめマート大江
6%
熊本県 健軍
6%
熊本県 日赤通り
6%
熊本県 イオンタウン西熊本
6%
熊本県 ゆめタウンはません
6%
熊本県 熊本清水バイパス
6%
熊本県 宇土シティ
6%
熊本県 ゆめタウン光の森
6%
大分県 トキハわさだ
6%
大分県 ゆめタウン別府
6%
大分県 イオンモール三光
6%
宮崎県 うめこうじ佐土原
6%
鹿児島県 天文館
6%
鹿児島県 ピュアタウン武岡
6%
鹿児島県 鹿屋寿
6%
鹿児島県 タイヨー永利
6%
鹿児島県 コープ国分
6%
鹿児島県 姶良
6%
沖縄県 石垣
6%
沖縄県 イオン名護
6%
沖縄県 イオンモール沖縄ライカム
6%
沖縄県 サンエー西原
6%
沖縄県 サンエーつかざん
6%
岐阜県 マーサ21
6%
北海道 北24条駅前
6%
大阪府 いずみおおつCITY
6%
東京都 Dila拝島
6%
大阪府 ekimo天王寺
6%
北海道 エスコンフィールドHOKKAIDO
6%
東京都 IY武蔵境
6%
岐阜県 JRアスティ岐阜
6%
京都府 JR京都駅ビル
6%
大阪府 JR吹田
6%
大阪府 JR高槻
6%
兵庫県 JR住吉
6%
佐賀県 JR佐賀
6%
東京都 MARK IS 葛飾かなまち
6%
北海道 苫小牧MEGAドン・キホーテ
6%
埼玉県 MEGAドンキホーテ蓮田
6%
大阪府 R310さやま
6%
兵庫県 淡路SA(下り線)
6%
神奈川県 西武東戸塚S.C.
6%
千葉県 ららテラスTOKYO-BAY
6%
北海道 宮の森
0%
北海道 イオン札幌麻生
0%
北海道 イオン元町
0%
北海道 ルーシー大谷地
0%
北海道 コーチャンフォーミュンヘン大橋
0%
北海道 藻岩
0%
北海道 イオン札幌西町
0%
北海道 イオンモール札幌発寒
0%
北海道 新札幌デュオ
0%
北海道 イオン札幌手稲
0%
北海道 手稲駅前
0%
北海道 イオンモール札幌平岡
0%
北海道 コーチャンフォー美しが丘
0%
北海道 亀田本町
0%
北海道 函館本通
0%
北海道 小樽
0%
北海道 旭川春光
0%
北海道 旭川永山パワーズ
0%
北海道 コーチャンフォー釧路
0%
北海道 西帯広ニュータウン
0%
北海道 北見西富
0%
北海道 北見柏陽
0%
北海道 苫小牧バイパス
0%
北海道 イオン江別
0%
北海道 イオン滝川
0%
北海道 登別イオン
0%
北海道 伊達
0%
北海道 東神楽
0%
北海道 静内イオン
0%
北海道 運動公園通り
0%
青森県 青森観光通り
0%
青森県 青森ラ・セラ
0%
青森県 イオンタウン弘前樋之口
0%
青森県 八戸ラピア
0%
青森県 八戸南類家
0%
青森県 むつ中央
0%
岩手県 盛岡大通
0%
岩手県 宮古
0%
宮城県 仙台勾当台
0%
宮城県 イオン仙台幸町
0%
宮城県 仙台古城
0%
宮城県 ザ・モール仙台長町
0%
宮城県 イオン仙台中山
0%
宮城県 イオンモール石巻
0%
宮城県 イオンタウン塩釜
0%
宮城県 イオン気仙沼
0%
宮城県 イオン多賀城
0%
宮城県 イオンタウン佐沼
0%
宮城県 イオン古川
0%
秋田県 秋田山王
0%
秋田県 八橋パブリ
0%
秋田県 横手
0%
山形県 山形白山
0%
山形県 イオン東根
0%
福島県 イオン福島
0%
福島県 福島南バイパス
0%
福島県 ピボット会津若松
0%
福島県 イオンタウン郡山
0%
福島県 郡山西ノ内
0%
福島県 いわきエブリア
0%
福島県 谷川瀬
0%
福島県 ベイシア安達
0%
福島県 イオン南相馬
0%
茨城県 ヒタチエ
0%
茨城県 結城
0%
茨城県 サプラ龍ケ崎
0%
茨城県 トナリエキュート
0%
茨城県 ジョイフル本田ひたちなか
0%
茨城県 イオンタウン守谷
0%
茨城県 イオンタウン水戸南
0%
栃木県 アピタ宇都宮
0%
栃木県 アピタ足利
0%
栃木県 ヨークベニマル鹿沼
0%
栃木県 おやまゆうえんハーヴェストウォーク
0%
栃木県 大田原
0%
栃木県 イオン那須塩原
0%
栃木県 イオンさくら
0%
群馬県 けやきウォーク前橋
0%
群馬県 ベイシア前橋みなみモール
0%
群馬県 前橋片貝
0%
群馬県 マーケットシティ桐生
0%
群馬県 伊勢崎宮子
0%
群馬県 スマーク伊勢崎
0%
群馬県 渋川
0%
群馬県 ジョイホンパーク吉岡
0%
埼玉県 鶴ケ島
0%
埼玉県 熊谷ニットーモール
0%
埼玉県 西川口駅前
0%
埼玉県 小手指
0%
埼玉県 新所沢駅前
0%
埼玉県 所沢駅西口
0%
埼玉県 エミオ狭山市
0%
埼玉県 アコス草加駅前
0%
埼玉県 エキア松原
0%
埼玉県 エキア越谷
0%
埼玉県 マルイファミリー志木
0%
埼玉県 フレスポ八潮
0%
埼玉県 坂戸駅前
0%
埼玉県 ウニクス伊奈
0%
千葉県 稲毛
0%
千葉県 都賀駅前
0%
千葉県 イオン鎌取
0%
千葉県 市川駅前
0%
千葉県 行徳駅前
0%
千葉県 ニッケコルトンプラザ
0%
千葉県 南行徳駅前
0%
千葉県 船橋本町
0%
千葉県 アピタ木更津
0%
千葉県 イオンフードスタイル新松戸
0%
千葉県 野田花井
0%
千葉県 茂原
0%
千葉県 イオン成田
0%
千葉県 公津の杜
0%
千葉県 京成大久保駅前
0%
千葉県 スカイプラザ柏
0%
千葉県 モラージュ柏
0%
千葉県 ユニモちはら台
0%
千葉県 イオンモール八千代緑が丘
0%
千葉県 ユアエルム八千代台
0%
千葉県 アクロスモール新鎌ケ谷
0%
千葉県 新浦安
0%
千葉県 イトーヨーカ堂四街道
0%
千葉県 千葉ニュータウン中央
0%
東京都 イトーヨーカドー曳舟
0%
東京都 糀谷
0%
東京都 八王子楢原コピオ
0%
東京都 イトーヨーカドー武蔵小金井
0%
神奈川県 鶴見駅前
0%
神奈川県 イトーヨーカドー別所
0%
神奈川県 イオン天王町
0%
神奈川県 綱島駅前
0%
神奈川県 上大岡駅前
0%
神奈川県 鶴ケ峰駅前
0%
神奈川県 カエデウォーク長津田
0%
神奈川県 相鉄ライフ三ツ境
0%
神奈川県 ゆめが丘ソラトス
0%
神奈川県 たまプラーザテラス
0%
神奈川県 センター北駅前
0%
神奈川県 イトーヨーカドー川崎
0%
神奈川県 鹿島田
0%
神奈川県 ラゾーナ川崎
0%
神奈川県 武蔵新城
0%
神奈川県 溝ノ口
0%
神奈川県 新百合ケ丘南口
0%
神奈川県 古淵駅前
0%
神奈川県 相模大野ステーションスクエア
0%
神奈川県 湘南モールフィル
0%
神奈川県 小田原ダイナシティ
0%
神奈川県 イオン秦野
0%
神奈川県 渋沢駅前
0%
神奈川県 本厚木ミロードイースト
0%
新潟県 イオン新潟東
0%
新潟県 アピタ新潟亀田
0%
新潟県 寺尾
0%
新潟県 長岡シビックコア
0%
新潟県 リバーサイド千秋
0%
新潟県 見附
0%
新潟県 村上インター
0%
新潟県 イオン県央
0%
新潟県 上越モール
0%
富山県 ファボーレ
0%
石川県 アピタ金沢
0%
石川県 アルビス高柳
0%
石川県 金沢高尾台
0%
石川県 金沢杜の里
0%
石川県 香林坊
0%
福井県 パリオ
0%
福井県 福井エルパ
0%
福井県 福井ベル
0%
福井県 堀の宮
0%
福井県 ワッセ
0%
福井県 小浜
0%
福井県 武生楽市
0%
福井県 春江アミ
0%
山梨県 オギノリバーシティ
0%
長野県 長野北
0%
長野県 イオン南松本
0%
長野県 佐久
0%
岐阜県 バロー市橋
0%
岐阜県 関マーゴ
0%
岐阜県 ルビットタウン中津川
0%
岐阜県 瑞浪
0%
岐阜県 羽島
0%
岐阜県 メガドンキ美濃加茂
0%
岐阜県 パティオ可児
0%
静岡県 静岡城北
0%
静岡県 新静岡セノバ
0%
静岡県 イオン清水
0%
静岡県 マックスバリュ浜松助信
0%
静岡県 プレ葉ウォーク浜北
0%
静岡県 マックスバリュ沼津南
0%
静岡県 アピタ島田
0%
静岡県 イオンタウン富士南
0%
静岡県 マックスバリュ富士八幡町
0%
静岡県 アピタ磐田
0%
静岡県 マックスバリュ豊田
0%
静岡県 イオン焼津
0%
静岡県 ザ・ビッグ藤枝田沼
0%
静岡県 イオン袋井
0%
静岡県 マックスバリュ裾野
0%
静岡県 マックスバリュ函南
0%
静岡県 柿田川
0%
愛知県 今池
0%
愛知県 庄内通
0%
愛知県 名古屋則武
0%
愛知県 中村公園
0%
愛知県 セントラルパーク
0%
愛知県 イオンモール熱田
0%
愛知県 アズパーク千音寺
0%
愛知県 ヨシヅヤ太平通り
0%
愛知県 イオンモール名古屋茶屋
0%
愛知県 当知
0%
愛知県 イオンモール新瑞橋
0%
愛知県 イオンモール大高
0%
愛知県 鳴子
0%
愛知県 ヒルズウォーク徳重
0%
愛知県 平針
0%
愛知県 ピアゴ植田
0%
愛知県 イオン豊橋南
0%
愛知県 豊橋幸
0%
愛知県 アピタ岡崎北
0%
愛知県 アスティ一宮
0%
愛知県 半田青山
0%
愛知県 イオン春日井
0%
愛知県 高蔵寺ステーション
0%
愛知県 イオンモール豊川
0%
愛知県 クロスモール豊川
0%
愛知県 ヨシヅヤ津島本店
0%
愛知県 アピタ刈谷
0%
愛知県 イオンスタイル豊田
0%
愛知県 メグリア本店
0%
愛知県 アピタ安城
0%
愛知県 西尾
0%
愛知県 蒲郡
0%
愛知県 イオン小牧
0%
愛知県 アピタ稲沢
0%
愛知県 アピタ東海荒尾
0%
愛知県 大府駅前
0%
愛知県 ギャラリエアピタ知立
0%
愛知県 ヨシヅヤ清洲
0%
愛知県 イオンタウン弥富
0%
愛知県 イオン三好
0%
愛知県 アピタ長久手
0%
愛知県 イオンモール扶桑
0%
愛知県 アピタ阿久比
0%
愛知県 イオンモール東浦
0%
三重県 津ステーション
0%
三重県 アピタ四日市
0%
三重県 日永カヨー
0%
三重県 伊勢ララパーク
0%
三重県 松阪
0%
三重県 松阪塚本
0%
三重県 アピタ桑名
0%
三重県 イオンモール鈴鹿
0%
三重県 そよら鈴鹿白子
0%
三重県 アピタ伊賀上野
0%
滋賀県 アルプラザ堅田
0%
滋賀県 フォレオ大津一里山
0%
滋賀県 南彦根
0%
滋賀県 長浜
0%
滋賀県 西友南草津
0%
滋賀県 アルプラザ守山
0%
滋賀県 アルプラザ水口
0%
滋賀県 東近江八日市
0%
京都府 出町
0%
京都府 洛北阪急スクエア
0%
京都府 イオン洛南
0%
京都府 京都ファミリー
0%
京都府 伏見大手筋
0%
京都府 イオンモール山科椥辻
0%
京都府 阪急桂駅前
0%
京都府 亀岡駅前
0%
京都府 イズミヤ長岡
0%
京都府 アルプラザ京田辺
0%
京都府 松井山手
0%
大阪府 都島
0%
大阪府 イオンスタイル海老江
0%
大阪府 天保山マーケットプレース
0%
大阪府 上本町
0%
大阪府 上新庄駅前
0%
大阪府 北巽
0%
大阪府 昭和町
0%
大阪府 長居
0%
大阪府 南海天下茶屋駅
0%
大阪府 十三東口
0%
大阪府 東三国
0%
大阪府 東住吉
0%
大阪府 うめきたグリーンプレイス
0%
大阪府 梅田阪急三番街
0%
大阪府 阪神大阪梅田駅
0%
大阪府 ホワイティうめだ
0%
大阪府 なんばウォーク
0%
大阪府 ベルマージュ堺
0%
大阪府 深井駅前
0%
大阪府 北野田駅前
0%
大阪府 イトーヨーカ堂津久野
0%
大阪府 光明池アクト
0%
大阪府 トナリエ栂・美木多
0%
大阪府 南海中百舌鳥駅
0%
大阪府 岸和田カンカン
0%
大阪府 千里中央
0%
大阪府 阪急曽根
0%
大阪府 阪急豊中
0%
大阪府 南千里駅前
0%
大阪府 カナートモール和泉府中
0%
大阪府 阪急高槻市駅
0%
大阪府 守口市駅
0%
大阪府 阪急茨木市駅
0%
大阪府 八尾ペントプラザ
0%
大阪府 イオンモール日根野
0%
大阪府 いこらも~る泉佐野
0%
大阪府 エコール・ロゼ
0%
大阪府 富田林駅前
0%
大阪府 河内長野駅前
0%
大阪府 セブンパーク天美
0%
大阪府 松原ステーション
0%
大阪府 エコール・いずみ
0%
大阪府 藤井寺駅前
0%
大阪府 小阪
0%
大阪府 新石切
0%
大阪府 フレスポ長田
0%
兵庫県 六甲道
0%
兵庫県 湊川プラザ
0%
兵庫県 イオンジェームス山
0%
兵庫県 エコール・リラ
0%
兵庫県 イズミヤ西神戸
0%
兵庫県 西神中央
0%
兵庫県 イオンモール姫路大津
0%
兵庫県 姫路リバーシティー
0%
兵庫県 ゆめタウン姫路
0%
兵庫県 ソコラ塚口
0%
兵庫県 つかしん
0%
兵庫県 阪急園田
0%
兵庫県 阪神尼崎
0%
兵庫県 フェスタ立花駅前
0%
兵庫県 武庫之荘駅前
0%
兵庫県 明石ステーション
0%
兵庫県 アクタ西宮
0%
兵庫県 イオン西宮門戸
0%
兵庫県 芦屋
0%
兵庫県 コープデイズ豊岡
0%
兵庫県 イズミヤ小林
0%
兵庫県 ソリオ宝塚
0%
兵庫県 イオン三木青山
0%
兵庫県 アスパ高砂
0%
兵庫県 三田ウッディタウン
0%
奈良県 イオンタウン大安寺
0%
奈良県 高の原
0%
奈良県 アピタ大和郡山
0%
奈良県 八木駅前
0%
奈良県 イオン桜井
0%
奈良県 ベルテラスいこま
0%
奈良県 王寺
0%
和歌山県 イズミヤ和歌山
0%
和歌山県 紀伊川辺
0%
和歌山県 オークワ橋本
0%
和歌山県 パビリオンシティ田辺
0%
和歌山県 オークワ南紀
0%
鳥取県 イオンモール鳥取北
0%
島根県 松江学園通り
0%
島根県 出雲
0%
島根県 ゆめタウン出雲
0%
岡山県 大安寺
0%
岡山県 ハピータウン原尾島
0%
岡山県 ハピータウン岡南
0%
岡山県 倉敷エスパーク
0%
岡山県 倉敷中庄
0%
岡山県 津山
0%
岡山県 笠岡
0%
広島県 広島幟町
0%
広島県 祇園新道
0%
広島県 ゆめタウン安古市
0%
広島県 フジグラン高陽
0%
広島県 フジグラン三原
0%
広島県 尾道
0%
広島県 東尾道
0%
広島県 福山蔵王
0%
広島県 福山緑町
0%
広島県 平成大学通り
0%
広島県 ゆめタウン大竹
0%
広島県 フジグラン東広島
0%
広島県 ゆめタウン黒瀬
0%
広島県 フジグランナタリー
0%
広島県 ゆめタウン廿日市
0%
広島県 フジグラン安芸
0%
山口県 シーモール下関
0%
山口県 フジグラン宇部
0%
山口県 ゆめタウン宇部
0%
山口県 防府
0%
山口県 サンリブ下松
0%
山口県 おのだサンパーク
0%
徳島県 マルナカ徳島
0%
徳島県 フジグラン石井
0%
徳島県 フジグラン北島
0%
香川県 高松屋島
0%
香川県 フジグラン丸亀
0%
香川県 ゆめタウン三豊
0%
香川県 高松三木
0%
香川県 イオンモール綾川
0%
愛媛県 フジ姫原
0%
愛媛県 そよら今治馬越
0%
愛媛県 イオンモール新居浜
0%
愛媛県 フジ宇和
0%
愛媛県 フジグラン重信
0%
福岡県 門司駅前
0%
福岡県 イオン若松
0%
福岡県 イオン戸畑
0%
福岡県 到津
0%
福岡県 小倉砂津
0%
福岡県 サニーサイドモール小倉
0%
福岡県 サンリブシティ小倉
0%
福岡県 サンリブもりつね
0%
福岡県 イオンモール八幡東
0%
福岡県 イオンタウン黒崎
0%
福岡県 永犬丸
0%
福岡県 イオンモール香椎浜
0%
福岡県 えきマチ香椎
0%
福岡県 フォレオ博多
0%
福岡県 イオンスタイル笹丘
0%
福岡県 天神国体道路
0%
福岡県 西鉄薬院
0%
福岡県 福岡天神
0%
福岡県 福岡長丘
0%
福岡県 イオンマリナタウン
0%
福岡県 えきマチ姪浜
0%
福岡県 木の葉モール橋本
0%
福岡県 イオン原
0%
福岡県 プラリバ西新
0%
福岡県 ゆめタウン久留米
0%
福岡県 イオン穂波
0%
福岡県 ゆめタウン八女
0%
福岡県 ゆめタウン大川
0%
福岡県 ゆめタウン行橋
0%
福岡県 イオン小郡
0%
福岡県 アクロスモール春日
0%
福岡県 イオン大野城
0%
福岡県 くりえいと宗像
0%
福岡県 イオン甘木
0%
福岡県 那珂川
0%
福岡県 イオン福岡東
0%
福岡県 ライフガーデン新宮中央
0%
福岡県 トリアスモール
0%
佐賀県 フレスポ鳥栖
0%
熊本県 ゆめマート玉名
0%
大分県 大分パークプレイス
0%
大分県 ゆめタウン中津
0%
宮崎県 都城
0%
宮崎県 イオン延岡
0%
宮崎県 イオン日向
0%
沖縄県 天久うりぼう
0%
沖縄県 イオン那覇
0%
沖縄県 那覇メインプレイス
0%
沖縄県 イオンてだこ浦西
0%
沖縄県 サンエー経塚
0%
沖縄県 サンエーしおざきシティ
0%
沖縄県 美里
0%
沖縄県 イオン具志川
0%
沖縄県 具志川メインシティ
0%
沖縄県 サンエー石川シティ
0%
沖縄県 イオン北谷
0%
沖縄県 イオン南風原
0%
北海道 南郷13丁目
0%
北海道 旭川2条
0%
愛知県 瀬戸ルート363
0%
北海道 札幌北49条
0%
兵庫県 さんちか7番街
0%
栃木県 FKD宇都宮インターパーク
0%
神奈川県 FOOD&TIME ISETAN YOKOHAMA
0%
神奈川県 相模原it's
0%
埼玉県 IY埼玉大井
0%
京都府 JR福知山
0%
大阪府 JR桃谷駅前
0%
大阪府 JR八尾駅前
0%
大阪府 JR千里丘
0%
兵庫県 JR須磨駅前
0%
兵庫県 JR西宮
0%
広島県 JR広島ステーション
0%
香川県 JR高松
0%
福岡県 JR小倉
0%
福岡県 JR折尾
0%
福岡県 JR南福岡
0%
長崎県 JR諫早
0%
愛媛県 エミフルMASAKI
0%
福島県 MEGAドン・キホーテUNY会津若松
0%
京都府 MOMOテラス
0%
愛知県 mozoワンダーシティ
0%
鳥取県 米子R431
0%
新潟県 新津原信SC
0%
北海道 中標津TOBU
0%
千葉県 TXグランドアベニューおおたかの森
0%
兵庫県 神戸ハーバーランドumie
0%
No matching quizzes found
Score Distribution
Percent of People with Each Score
Percentile by Number Answered
Your Score History
You have not taken this quiz